Central Library OPAC University of Rajshahi

Handbook of telemetry and remote control / (Record no. 13834)

MARC details
000 -LEADER
fixed length control field 00709nam a2200241 4500
001 - CONTROL NUMBER
control field 13834
003 - CONTROL NUMBER IDENTIFIER
rucl marc code BD-RjUL
005 - DATE AND TIME OF LATEST TRANSACTION
control field 20211208235524.0
008 - FIXED-LENGTH DATA ELEMENTS--GENERAL INFORMATION
fixed length control field 140202s1967 nyua b 001 0aeng
035 ## - SYSTEM CONTROL NUMBER
System control number (BD-RjUL)13886
040 ## - CATALOGING SOURCE
Original cataloging agency DLC
Transcribing agency DLC
Modifying agency DLC
-- BD-RjUL
Language of cataloging eng
041 ## - LANGUAGE CODE
Language code of text/sound track or separate title eng
082 00 - DEWEY DECIMAL CLASSIFICATION NUMBER
Classification number 621.379
Author mark and year HAN 1967
245 10 - TITLE STATEMENT
Title Handbook of telemetry and remote control /
Statement of responsibility, etc. Elliot L. Gruenberg,
260 ## - PUBLICATION, DISTRIBUTION, ETC. (IMPRINT)
Place of publication, distribution, etc. New York :
Name of publisher, distributor, etc. McGraw-Hill,
Date of publication, distribution, etc. c1967.
300 ## - PHYSICAL DESCRIPTION
Pagination 1 v. (various pagings) :
Illustrations ill. ;
Size 23 cm.
504 ## - BIBLIOGRAPHY, ETC. NOTE
Bibliography, etc Includes bibliographies and index.
650 #0 - SUBJECT ADDED ENTRY--TOPICAL TERM
Topical term or geographic name as entry element Telemeter.
9 (RLIN) 43257
Topical term or geographic name as entry element Remote control.
9 (RLIN) 43258
700 1# - ADDED ENTRY--PERSONAL NAME
Personal name Gruenberg, Elliot L.
942 ## - ADDED ENTRY ELEMENTS (KOHA)
Source of classification or shelving scheme Dewey Decimal Classification
Koha item type Books
Holdings
Lost status Source of classification or shelving scheme Damaged status Not for loan Collection code Permanent Location Current Location Shelving location Date acquired Cost, normal purchase price Total Checkouts Full call number Date last seen Copy number Koha item type Source of acquisition
  Dewey Decimal Classification     Non-fiction Central Library, University of Rajshahi Central Library, University of Rajshahi     120.00   621.379 HAN 1967 02/02/2014 C-2 Books  
  Dewey Decimal Classification   Not For Loan Non-fiction Central Library, University of Rajshahi Central Library, University of Rajshahi Reading Room 03/10/1970     621.379 HAN 1967 01/06/2017 C-1 Books Sweet & Zeitlinger